Thrash metal del sonido al contenido: origen y gestación de una contracultura chilena

Guardat en:
Dades bibliogràfiques
Autor principal: Sánchez Mondaca, Maximiliano (Autor)
Format: Llibre
Idioma:espanyol
Publicat: Santiago Ril Editores 2014
Edició:1a. ed
Col·lecció:Bibliodiversidad
Matèries:
Etiquetes: Afegir etiqueta
Sense etiquetes, Sigues el primer a etiquetar aquest registre!

MARC

LEADER 00000cam a2200000 a 4500
001 UCE5930
003 CL-VaPUC
008 150312e20140000cl |||||||||||||||||spa|d
020 |a 9789560100597 
082 0 4 |a 784.68  |b SAN  |2 21 
100 0 |a Sánchez Mondaca, Maximiliano  |e author  |9 578599 
245 1 0 |a Thrash metal del sonido al contenido: origen y gestación de una contracultura chilena 
250 |a 1a. ed 
300 |a 168 p 
942 |c BK 
945 |d 20150312 12:37:00  |a arojas 
260 |a Santiago  |b Ril Editores  |c 2014 
650 0 |a Percusión  |9 390071 
650 0 |a Sonidos  |9 367259 
650 0 |a Música rock  |9 530750 
650 0 |a Historia y crítica   |9 257407 
583 |a last modification  |c 20150312 12:37:00  |k Rodrigo Vera 
490 0 |a Bibliodiversidad 
999 |c 358455  |d 358453 
952 |0 0  |1 0  |3 erb  |4 0  |6 784_680000000000000_SAN_2014  |7 0  |8 R  |9 467161  |a BIBEDU  |b BIBEDU  |i 513949K  |o 784.68 SAN 2014  |p 513949K  |r 2023-01-12  |w 2019-11-23  |y BK_R  |z Catalogado en:20150312  |k MUS